Tiếng Việt trong giao dịch thương mại = Vietnamese in commercial transaction
Các tình huống hội thoại trong giao dịch thương mại qua 30 chủ đề khác nhau thường gặp
Đã lưu trong:
| 主要作者: | |
|---|---|
| 格式: | 圖書 |
| 語言: | Undetermined |
| 出版: |
Hà Nội
Văn hóa Thông tin
2000
|
| 主題: | |
| 標簽: |
添加標簽
沒有標簽, 成為第一個標記此記錄!
|
| Thư viện lưu trữ: | Trung tâm Học liệu Trường Đại học Cần Thơ |
|---|
| LEADER | 00807nam a2200205Ia 4500 | ||
|---|---|---|---|
| 001 | CTU_39443 | ||
| 008 | 210402s9999 xx 000 0 und d | ||
| 082 | |a 495.922 | ||
| 082 | |b Qu250 | ||
| 100 | |a Nguyễn, Anh Quế | ||
| 245 | 0 | |a Tiếng Việt trong giao dịch thương mại = | |
| 245 | 0 | |b Vietnamese in commercial transaction | |
| 245 | 0 | |c Nguyễn Anh Quế, Hà Thị Quế Hương | |
| 260 | |a Hà Nội | ||
| 260 | |b Văn hóa Thông tin | ||
| 260 | |c 2000 | ||
| 520 | |a Các tình huống hội thoại trong giao dịch thương mại qua 30 chủ đề khác nhau thường gặp | ||
| 650 | |a Vietnamese,Vietnamese language | ||
| 650 | |x Textbooks for foreign speakers,Spoken english | ||
| 980 | |a Trung tâm Học liệu Trường Đại học Cần Thơ | ||